QUALITY MANAGEMENT AND RELIABILITY (Record no. 8202)

MARC details
000 -LEADER
fixed length control field 00338nam a22001457a 4500
003 - CONTROL NUMBER IDENTIFIER
control field SGT
020 ## - INTERNATIONAL STANDARD BOOK NUMBER
International Standard Book Number 8174093028
082 ## - DEWEY DECIMAL CLASSIFICATION NUMBER
Classification number 620.002
Item number SHA
100 ## - MAIN ENTRY--PERSONAL NAME
Personal name SHARMA,S.C
245 ## - TITLE STATEMENT
Title QUALITY MANAGEMENT AND RELIABILITY
260 ## - PUBLICATION, DISTRIBUTION, ETC. (IMPRINT)
Place of publication, distribution, etc NEW DELHI
Name of publisher, distributor, etc KHANNA PUBLICATION
Year of Publication 2014
300 ## - PAGE DESCRIPTION
No. of Pages 739
650 ## - SUBJECT ADDED ENTRY--TOPICAL TERM
Topical term or geographic name as entry element AUTOMOBILE ENGINEERING
942 ## - ADDED ENTRY ELEMENTS (KOHA)
Source of classification or shelving scheme Dewey Decimal Classification
Koha item type Books
Holdings
Withdrawn status Lost status Source of classification or shelving scheme Damaged status Not for loan Home library Current library Shelving location Date acquired Vendor Name Cost, normal purchase price SGTU Bill Number Total Checkouts Full call number Accession No. (Barcode) Date last seen Bill Date Koha item type Date last borrowed Total Renewals
    Dewey Decimal Classification     SGT Engineering Library SGT Engineering Library Text Book 01/01/2016 KIRTI PRAKASHAN 250.00 SGTU 2391   620.002 SHA FE6411 01/01/2016   Books    
    Dewey Decimal Classification     SGT Engineering Library SGT Engineering Library Text Book 01/01/2016 KIRTI PRAKASHAN 250.00 SGTU 2391 2 620.002 SHA FE6412 30/12/2017   Books 30/08/2017  
    Dewey Decimal Classification     SGT Engineering Library SGT Engineering Library Text Book 01/01/2016 KIRTI PRAKASHAN 250.00 SGTU 2391 1 620.002 SHA FE6413 28/12/2017   Books 17/08/2017  
    Dewey Decimal Classification     SGT Engineering Library SGT Engineering Library Text Book 01/01/2016 KIRTI PRAKASHAN 250.00 SGTU 2391 4 620.002 SHA FE6414 22/02/2019   Books 09/02/2019 1
    Dewey Decimal Classification     SGT Engineering Library SGT Engineering Library Text Book 01/01/2016 KIRTI PRAKASHAN 250.00 SGTU 2391   620.002 SHA FE6415 01/01/2016   Books    
    Dewey Decimal Classification     SGT Engineering Library SGT Engineering Library Text Book 01/01/2016 KIRTI PRAKASHAN 250.00 SGTU 2391 1 620.002 SHA FE6416 08/01/2018   Books 12/09/2017  
    Dewey Decimal Classification     SGT Engineering Library SGT Engineering Library Text Book 01/01/2016 KIRTI PRAKASHAN 250.00 SGTU 2391 1 620.002 SHA FE6417 09/01/2018   Books 06/09/2017